000 00590nam a2200229 a 4500
003 AR-BaBNM
005 20251128205658.0
008 082120s2002 ||||||||||||||000 | spa||
020 _a84-86983-21-5
040 _cAR-BaBNM
245 0 0 _aPicture English Dictionary
_bdiccionario visual inglés-español / español-inglés
260 _aBarcelona
_bDidaco
_c1992
300 _a457 p.
_bil.
650 4 _aMATERIAL DE REFERENCIA
650 4 _aDICCIONARIOS
650 4 _aINGLES
650 4 _aESPAÑOL
650 4 _aEDUCACION
655 _aREFERENCIA
942 _cBK
998 _claura
999 _c12368
_d12368